[Event "ESP-ch Amateurs U1700"]
[Site "Murcia"]
[Date "2022.09.02"]
[Round "6.3"]
[White "Puzik, Denys"]
[Black "Sanchez Crespo, Jesus"]
[Result "1/2-1/2"]
[WhiteElo "1639"]
[BlackElo "1606"]
[PlyCount "98"]
[EventDate "2022.08.30"]
[EventType "swiss"]
[EventRounds "9"]
[EventCountry "ESP"]
[SourceTitle "EXT 2024"]
[Source "ChessBase"]
[SourceDate "2023.10.10"]
[SourceVersion "1"]
[SourceVersionDate "2023.10.10"]
[SourceQuality "1"]

1. d4 d5 2. c4 e6 3. Nc3 Nf6 4. Bg5 Be7 5. Nf3 Nbd7 6. e3 0-0 7. Qc2 h6 8. Bh4 c6 9. cxd5 exd5 10. Bd3 b6 11. 0-0 Bb7 12. a3 c5 13. Rab1 Re8 14. Bg3 a6 15. a4 Bf8 16. Rfd1 Ne4 17. Bxe4 dxe4 18. Ne5 Nxe5 19. dxe5 Qc8 20. Nxe4 Qc6 21. f3 Qg6 22. Rd7 Bxe4 23. fxe4 Rad8 24. Rbd1 Rxd7 25. Rxd7 Qc6 26. Rd5 Rc8 27. Be1 b5 28. axb5 axb5 29. b4 cxb4 30. Qxc6 Rxc6 31. Rxb5 Rc1 32. Kf2 Rb1 33. Rb8 g5 34. h3 Kg7 35. Rb7 Kg8 36. Rb8 Rb2+ 37. Kf3 Rb3 38. Ke2 Kg7 39. Rb7 Bc5 40. Bd2 Kg6 41. Rb5 Bf8 42. g4 Rb2 43. Rb6+ Kg7 44. Rb7 Kg8 45. Kd1 Rb1+ 46. Bc1 b3 47. Rb8 Kg7 48. Kd2 Bc5 49. Rb5 Bf8 1/2-1/2

[Event "ESP-ch Amateurs U1700"]
[Site "Murcia"]
[Date "2022.09.01"]
[Round "4.9"]
[White "Sanchez Crespo, Jesus"]
[Black "Grinan Macanas, Jose"]
[Result "1-0"]
[WhiteElo "1606"]
[BlackElo "1491"]
[PlyCount "59"]
[EventDate "2022.08.30"]
[EventType "swiss"]
[EventRounds "9"]
[EventCountry "ESP"]
[SourceTitle "EXT 2024"]
[Source "ChessBase"]
[SourceDate "2023.10.10"]
[SourceVersion "1"]
[SourceVersionDate "2023.10.10"]
[SourceQuality "1"]

1. e4 c5 2. Nf3 d6 3. d4 cxd4 4. Nxd4 Nf6 5. Nc3 a6 6. h3 g6 7. g3 Bd7 8. Bg2 Nc6 9. Nde2 Bg7 10. 0-0 0-0 11. Kh2 Re8 12. f4 Qc7 13. Nd5 Nxd5 14. exd5 Na7 15. c3 Bb5 16. Re1 Rad8 17. Nd4 Bxd4 18. Qxd4 Qc5 19. Qd1 Nc8 20. Be3 Qc7 21. Rc1 e6 22. c4 Bd7 23. Qb3 Kg7 24. dxe6 Bc6 25. exf7 Kxf7 26. Bd5+ Bxd5 27. cxd5 Qa5 28. Qc4 Rxe3 29. Rxe3 Qd2+ 30. Re2 1-0

[Event "ESP-ch 86th"]
[Site "Linares"]
[Date "2021.08.17"]
[Round "2"]
[White "Sanchez Crespo, Jesus"]
[Black "Ortega Ruiz, Jose Miguel"]
[Result "0-1"]
[WhiteElo "1596"]
[BlackElo "2322"]
[PlyCount "84"]
[EventDate "2021.08.16"]
[EventType "swiss"]
[EventRounds "9"]
[EventCountry "ESP"]
[SourceTitle "CBM 204 Extra"]
[Source "ChessBase"]
[SourceDate "2021.11.30"]
[SourceVersion "1"]
[SourceVersionDate "2021.11.30"]
[SourceQuality "1"]

1. e4 e5 2. Nf3 Nc6 3. Bc4 Bc5 4. c3 Nf6 5. d3 d6 6. Nbd2 0-0 7. h3 a6 8. Bb3 Be6 9. Nf1 d5 10. exd5 Nxd5 11. Ng3 Be7 12. 0-0 Qd7 13. Re1 f6 14. d4 exd4 15. Nxd4 Nxd4 16. Qxd4 Rad8 17. Qe4 Bf7 18. c4 Bd6 19. Rd1 Bxg3 20. fxg3 Qe7 21. Qxe7 Nxe7 22. Bf4 c6 23. Bc7 Rc8 24. Bb6 Ng6 25. Rac1 Be6 26. c5 Bxb3 27. axb3 Rf7 28. Rd6 Ne7 29. Re1 Nd5 30. Ba5 Kf8 31. Kf2 Re7 32. Rde6 Rce8 33. Rxe7 Rxe7 34. Rxe7 Kxe7 35. Bd2 Ke6 36. Kf3 Ke5 37. g4 Kd4 38. g5 fxg5 39. Kg4 Nf6+ 40. Kf5 Ne4 41. Bb4 Kd5 42. g4 g6# 0-1